000 00310nam a22001457a 4500
020 _a978-93-89325-70-8
082 _a894.812-1
_bNIL/N
100 _aNILEENA C.B
245 _aNINAVUKAL
260 _aKOZHIKODE
_bOLIVU PUBLICATIONS
_c2020
300 _a74
520 _aPOETRY
650 _aPOETRY
942 _cBK
999 _c4170
_d4170